American Tables and Looking Glasses (Record no. 8795)

MARC details
000 -CABECERA
campo de control de longitud fija 01122nam a2200277 a 4500
001 - NÚMERO DE CONTROL
campo de control BRCA_9148
005 - FECHA Y HORA DE LA ÚLTIMA TRANSACCIÓN
campo de control 20190320210534.0
008 - DATOS DE LONGITUD FIJA--INFORMACIÓN GENERAL
campo de control de longitud fija 260618s1992----u--a######---#000-0#eng-#
020 ## - NÚMERO INTERNACIONAL ESTÁNDAR DEL LIBRO
Número Internacional Estándar del Libro 0300052405
041 ## - CÓDIGO DE LENGUA
Código de lengua del texto/banda sonora o título independiente eng
044 ## - CÓDIGO DEL PAÍS DE LA ENTIDAD EDITORA/PRODUCTORA
Código MARC del país u
050 #4 - SIGNATURA TOPOGRÁFICA DE LA BIBLIOTECA DEL CONGRESO
Número de clasificación NK2740
Número de documento/Ítem .B37 1992
100 1# - ENTRADA PRINCIPAL--NOMBRE DE PERSONA
Nombre de persona Barquist, David L.
9 (RLIN) 22553
245 10 - MENCIÓN DE TÍTULO
Título American Tables and Looking Glasses
Resto del título in the Mabel Brady Garvan and other collections at Yale University
Mención de responsabilidad, etc. by David L. Barquist ; essays by Elisabeth Donaghy Garrett and Gerald W. R. Ward ; photographs by Charles Uht.
260 ## - PUBLICACIÓN, DISTRIBUCIÓN, ETC.
Lugar de publicación, distribución, etc. New Haven, Connecticut
Nombre del editor, distribuidor, etc. Yale University Art Gallery
Fecha de publicación, distribución, etc. 1992
300 ## - DESCRIPCIÓN FÍSICA
Extensión 423 p.
Otras características físicas il. (algunas a color)
Dimensiones 26 cm.
500 ## - NOTA GENERAL
Nota general Incluye índice alfabético
610 24 - PUNTO DE ACCESO ADICIONAL DE MATERIA--NOMBRE DE ENTIDAD CORPORATIVA
Nombre de entidad corporativa o nombre de jurisdicción como elemento de entrada Colección Garvan (Universidad de Yale)
Subdivisión de forma Catálogos
9 (RLIN) 22554
610 24 - PUNTO DE ACCESO ADICIONAL DE MATERIA--NOMBRE DE ENTIDAD CORPORATIVA
Nombre de entidad corporativa o nombre de jurisdicción como elemento de entrada Universidad de Yale
Unidad subordinada Galería de Arte
Subdivisión de forma Catálogos
9 (RLIN) 22555
650 14 - PUNTO DE ACCESO ADICIONAL DE MATERIA--TÉRMINO DE MATERIA
Término de materia o nombre geográfico como elemento de entrada Mesas
Subdivisión de forma Catálogos
Subdivisión geográfica Estados Unidos
9 (RLIN) 22556
650 14 - PUNTO DE ACCESO ADICIONAL DE MATERIA--TÉRMINO DE MATERIA
Término de materia o nombre geográfico como elemento de entrada Espejos
Subdivisión de forma Catálogos
Subdivisión geográfica Estados Unidos
9 (RLIN) 22557
700 1# - PUNTO DE ACCESO ADICIONAL--NOMBRE DE PERSONA
Nombre de persona Garrett, Elisabeth Donaghy
9 (RLIN) 22558
700 1# - PUNTO DE ACCESO ADICIONAL--NOMBRE DE PERSONA
Nombre de persona Ward, Gerald W. R.
9 (RLIN) 22559
700 1# - PUNTO DE ACCESO ADICIONAL--NOMBRE DE PERSONA
Nombre de persona Uht, Charles
Término indicativo de función/relación il.
9 (RLIN) 22560
942 ## - ELEMENTOS DE PUNTO DE ACCESO ADICIONAL (KOHA)
Fuente del sistema de clasificación o colocación Library of Congress Classification
Tipo de ítem Koha Libros
Holdings
Estado de retiro Estado de pérdida Estado dañado No para préstamo Localización permanente Ubicación/localización actual Fecha de adquisición Total de préstamos Signatura topográfica completa Código de barras Fecha visto por última vez Precio válido a partir de Tipo de ítem Koha
El ejemplar forma parte de la colección y puede ser consultado según las políticas vigentes.       Biblioteca del Museo Franz Mayer (Rogerio Casas-Alatriste) Biblioteca del Museo Franz Mayer (Rogerio Casas-Alatriste) 26/06/2018   NK2740 .B37 1992 02980 22/03/2019 22/03/2019 Libros